Informatics support for large datasets processing in biomedicine

Guardado en:
Detalles Bibliográficos
Autor principal: Popelka, Ľudovít (Autor)
Otros Autores: Lucká, Mária (Orientador)
Formato: Manuscrito Libro
Lenguaje:eslovaco
inglés
Publicado: 2018
Materias:
Acceso en línea:http://is.stuba.sk/zp/portal_zp.pl?podrobnosti=122990
Etiquetas: Agregar Etiqueta
Sin Etiquetas, Sea el primero en etiquetar este registro!

MARC

LEADER 00000ntm a22000003a 4500
001 stuzp70310
003 SK-STU
005 20190219145020.4
007 ta
008 150427s2015----xo-----f-mn---000-0-slo-d
040 |a STU  |b slo 
041 0 |a eng 
044 |a xo 
100 1 |a Popelka, Ľudovít  |u 070200  |4 aut  |U FIIT Fakulta informatiky a informačných technológií  |T FIIT Ústav informatiky, informačných systémov a softvérového inžinierstva  |X 76681  |U I200  |Y 179  |7 76681 
242 0 1 |a Informatická podpora spracovania veľkých dátových súborov v biomedicíne  |y slo 
245 1 0 |a Informatics support for large datasets processing in biomedicine 
260 |c 2018 
300 |a 76 s., príl., CD-rom 
650 4 |a t-SNE  |2 slo 
650 4 |a cytometria  |2 slo 
650 4 |a leukémia  |2 slo 
650 4 |a zhlukovanie  |2 slo 
650 4 |a PhenoGraph  |2 slo 
650 4 |a teplotná mapa  |2 slo 
650 4 |a leukemia  |2 eng 
650 4 |a clustering  |2 eng 
650 4 |a PhenoGraph  |2 eng 
650 4 |a heatmap  |2 eng 
650 4 |a t-SNE  |2 eng 
650 4 |a cytometry  |2 eng 
700 1 |a Lucká, Mária  |u 070200  |k Z1  |4 ths  |U FIIT Fakulta informatiky a informačných technológií  |T FIIT Ústav informatiky, informačných systémov a softvérového inžinierstva  |X 9204  |U I200  |Y 179  |7 9204 
856 4 |u http://is.stuba.sk/zp/portal_zp.pl?podrobnosti=122990 
996 |b IZP20180071  |c I*BAP86/18  |l II680  |s P  |a 0  |w stuzp70310_0001